Leisure Theory : Principles and Practice /

Offering readers the most complete and authoritative critical introduction to Leisure Theory and written by one of the major figures in the field, the book provides an exciting and reliable guide to leisure forms, leisure practice and the representation of leisure. It demonstrates how power relation...

Full description

Bibliographic Details
Main Author: Rojek, Chris (Author)
Corporate Author: SpringerLink (Online service)
Format: eBook
Language:English
Published: London : Palgrave Macmillan UK : Imprint: Palgrave Macmillan, 2005.
Subjects:
Online Access:Connect to the full text of this electronic book

MARC

Tag First Indicator Second Indicator Subfields
LEADER 00000cam a22000005i 4500
001 in00003726708
005 20210728125812.0
006 m o d
007 cr nn 008mamaa
008 151216s2005 xxk| o |||| 0|eng d
020 |a 9780230505117  |9 978-0-230-50511-7 
024 7 |a 10.1057/9780230505117  |2 doi 
035 |a (DE-He213)978-0-230-50511-7 
035 |a 5307564 
040 |d UtOrBLW 
050 4 |a GV706.5 
072 7 |a JHBS  |2 bicssc 
072 7 |a SPO066000  |2 bisacsh 
082 0 4 |a 306.48  |2 23 
100 1 |a Rojek, Chris,  |e author.  |0 http://id.loc.gov/authorities/names/n85014738 
245 1 0 |a Leisure Theory :  |b Principles and Practice /  |c by Chris Rojek. 
264 1 |a London :  |b Palgrave Macmillan UK :  |b Imprint: Palgrave Macmillan,  |c 2005. 
300 |a 1 online resource (VIII, 243 pages) 
336 |a text  |b txt  |2 rdacontent 
337 |a computer  |b c  |2 rdamedia 
338 |a online resource  |b cr  |2 rdacarrier 
347 |a text file  |b PDF  |2 rda 
500 |a Electronic resource. 
520 |a Offering readers the most complete and authoritative critical introduction to Leisure Theory and written by one of the major figures in the field, the book provides an exciting and reliable guide to leisure forms, leisure practice and the representation of leisure. It demonstrates how power relations influence leisure choices and introduces students to the primary functions and regulative mechanisms of leisure, providing a thought provoking account of the central problems confronting students of leisure today. Written with the needs of students at both undergraduate and postgraduate levels in mind, the book will quickly be recognized as the bible for Leisure Theory. 
650 1 4 |a Social Sciences. 
650 2 4 |a Cultural Studies. 
650 2 4 |a Cultural and Media Studies, general. 
650 2 4 |a Social Structure, Social Inequality. 
650 2 4 |a Social Theory. 
650 2 4 |a Sociology of Sport and Leisure. 
650 2 4 |a Sociology, general. 
650 0 |a Culture  |x Study and teaching.  |0 http://id.loc.gov/authorities/subjects/sh93005685 
650 0 |a Equality.  |0 http://id.loc.gov/authorities/subjects/sh85044503 
650 0 |a Popular culture  |x Study and teaching.  |0 http://id.loc.gov/authorities/subjects/sh93005683 
650 0 |a Social sciences  |x Philosophy.  |0 http://id.loc.gov/authorities/subjects/sh85124013 
650 0 |a Social sciences.  |0 http://id.loc.gov/authorities/subjects/sh85124003 
650 0 |a Social structure.  |0 http://id.loc.gov/authorities/subjects/sh85124078 
650 0 |a Sociology.  |0 http://id.loc.gov/authorities/subjects/sh85124200 
650 0 |a Sports  |x Sociological aspects.  |0 http://id.loc.gov/authorities/subjects/sh89006507 
655 7 |a Electronic books.  |2 local 
710 2 |a SpringerLink (Online service)  |0 http://id.loc.gov/authorities/names/no2005046756 
773 0 |t Springer eBooks 
776 1 8 |i Printed edition:  |z 9781403905703 
856 4 0 |u http://proxy.library.tamu.edu/login?url=https://dx.doi.org/10.1057/9780230505117  |z Connect to the full text of this electronic book  |t 0 
999 f f |s 4182e2db-d533-343f-a59e-3f8bf47318ce  |i 8afd9cb0-d440-3218-be81-0c643881d0f1  |t 0 
952 f f |a Texas A&M University  |b College Station  |c Electronic Resources  |d Available Online  |t 0  |e GV706.5  |h Library of Congress classification 
998 f f |a GV706.5  |t 0  |l Available Online